01690nam a2200421 i 450000100060000000300080000600500170001400600190003100700150005000800410006502000270010603500230013303500240015603500250018003500220020504000310022705000230025808000110028108200140029224501140030626400500042030000630047033600310053333700330056433800430059750400430064058801290068359001640081265000490097665000340102565000190105965000260107865500270110470000390113179700190117085600620118999900170125158065FlNmELB20241216232959.0m o d | cr cnu||||||||170918s2017 ck a ob 000 0 spa d a9789587417777 (e-book) a(MiAaPQ)EBC4909238 a(Au-PeEL)EBL4909238 a(CaPaEBR)ebr11410769 a(OCoLC)1105895192 aFINmELBbspaerdacFINmELB 4aQA135.5bP959 2017 a51(07)0 a372.722300aPrisma :bacompañar para transformar las matemáticas en primaria /cRafael Escudero Trujillo [y otros 7]. 1aBarranquilla :bUniversidad del Norte,c2017. a1 recurso en línea (vii, 123 páginas) :bilustraciones atextobtxt2rdacontent/spa acomputadorabc2rdamedia/spa arecurso en líneabcr2rdacarrier/spa aContiene referencias bibliográficas. aDescripción basada en recurso en línea; Título de la página del título en PDF (e-libro, visto September 18, 2017). aRecurso electrónico. Santa Fe, Arg.: e-libro, 2015. Disponible vía World Wide Web. El acceso puede estar limitado para las bibliotecas afiliadas a e-libro. 0aMathematicsxStudy and teaching (Elementary) 0aEducation, PrimaryxResearch. 4aMatemáticas. 4aEnseñanza primaria. 4aLibros electrónicos.1 aEscudero Trujillo, Rafael,eautor.2 ae-libro, Corp.40uhttps://elibro.net/ereader/politecnicointernacional/70015 c58065d58065